00309pab a2200121 454500008004000000100002400040245006400064260000900128300001200137362000800149650001100157773001900168180718b2000 xxu||||| |||| 00| 0 eng d aSahu, Gopal Krushna aParticipatory communication approach for tribal development c2000 ap.29-32 aAug aTribes aSocial Welfare